| 000 | 00611nam a22001937a 4500 | ||
|---|---|---|---|
| 942 | _cBK | ||
| 999 |
_c773 _d773 |
||
| 005 | 20250420134824.0 | ||
| 008 | 211116b ||||| |||| 00| 0 eng d | ||
| 020 | _a9780521479714 | ||
| 040 | _cKCST | ||
| 082 |
_a808.042 _bGr Wr |
||
| 100 |
_aGrellet, Françoise _95579 |
||
| 245 |
_aWriting for advanced learners of English / _cFrançoise Grellet |
||
| 260 |
_aCambridge : _bCambridge University Press, _c1996. |
||
| 300 | _a136 p. | ||
| 650 |
_aEnglish language _vTextbooks for foreign speakers. _94734 |
||
| 650 |
_aWritten communication _vStudy and teaching (Higher). _95580 |
||
| 942 | _2ddc | ||